States with the most presidents Quiz Stats

 Plays Quiz not verified by Sporcle

Challenge
Share
Tweet
Embed
Score 0/21 Timer 10:00
0 Plays Today
Number of Presidents State % Correct
8Virginia
100%
2Texas
95.6%
7Ohio
95.6%
4New York
93.8%
1California
90.3%
1Illinois
90.3%
4Massachusetts
90.3%
1Pennsylvania
89.4%
2North Carolina
86.7%
1Georgia
85.8%
1New Jersey
85.8%
Number of Presidents State % Correct
1Connecticut
85.8%
1Kentucky
84.1%
1Arkansas
82.3%
2Vermont
82.3%
1New Hampshire
81.4%
1South Carolina
80.5%
1Missouri
79.6%
1Hawaii
78.9%
1Iowa
78.8%
1Nebraska
61.9%

You're not logged in!

Compare scores with friends on all Sporcle quizzes.
OR
Log In

You Might Also Like...

Show Comments

Extras

Top Quizzes Today


Score Distribution

Your Account Isn't Verified!

In order to create a playlist on Sporcle, you need to verify the email address you used during registration. Go to your Sporcle Settings to finish the process.

Report this User

Report this user for behavior that violates our Community Guidelines.

Details: